Statistics for Each European country is the best at something #2

Click here to take the quiz!

General Stats

  • This quiz has been taken 54 times
  • The average score is 4 of 18

Answer Stats

HintCountry% Correct
Most medals in Alpine Ski World ChampionshipsAustria
67%
Smallest double-landlocked countryLiechtenstein
42%
Most equal income distributionSweden
40%
Biggest Russian minority in percentageLatvia
36%
Biggest suicide rateLithuania
36%
Largest cork producerPortugal
29%
Winner of most Basketball World ChampionshipsSerbia
27%
First former communist country to enter the Euro-zoneSlovenia
27%
Best quality of health careBelgium
20%
Highest consumption of wine per capitaLuxembourg
18%
Largest producer of cars per capitaSlovakia
16%
Lowest ecological footprintAlbania
13%
Most tourist arrivals per capitaAndorra
13%
Highest home ownership rateBulgaria
11%
Best quality of lifeIreland
11%
Highest annual inflation rateBelarus
9%
Lowest natural disaster riskMalta
7%
Largest annual population declineMontenegro
7%

Score Distribution

Percentile by Number Answered

Percent of People with Each Score

Your Score History

You have not taken this quiz